The pilgrim's progress / (Record no. 22726)
[ view plain ]
| 000 -LEADER | |
|---|---|
| fixed length control field | 00946nam a2200265 a 4500 |
| 001 - CONTROL NUMBER | |
| control field | 22726 |
| 003 - CONTROL NUMBER IDENTIFIER | |
| rucl marc code | BD-RjUL |
| 005 - DATE AND TIME OF LATEST TRANSACTION | |
| control field | 20211209000837.0 |
| 008 - FIXED-LENGTH DATA ELEMENTS--GENERAL INFORMATION | |
| fixed length control field | 140309s1952 enk 000 0 eng u |
| 035 ## - SYSTEM CONTROL NUMBER | |
| System control number | 04-02605 |
| System control number | (BD-RjUL)22791 |
| 040 ## - CATALOGING SOURCE | |
| Original cataloging agency | KSU |
| Modifying agency | m.c |
| Language of cataloging | eng |
| Transcribing agency | BD-RjUL |
| 041 ## - LANGUAGE CODE | |
| Language code of text/sound track or separate title | eng |
| 082 ## - DEWEY DECIMAL CLASSIFICATION NUMBER | |
| Classification number | 823.4 |
| Author mark and year | BUP |
| 100 1# - MAIN ENTRY--PERSONAL NAME | |
| Personal name | Bunyan, John, |
| Dates associated with a name | 1628-1688. |
| 9 (RLIN) | 70106 |
| 245 14 - TITLE STATEMENT | |
| Title | The pilgrim's progress / |
| Statement of responsibility, etc. | by John Bunyan ; illustrated with 25 drawings on wood by George Cruickshank from the collection of Edwin Truman ; with biographical introduction and indexes |
| 260 ## - PUBLICATION, DISTRIBUTION, ETC. (IMPRINT) | |
| Place of publication, distribution, etc. | London ; |
| -- | New York : |
| Name of publisher, distributor, etc. | H. Frowde, |
| Date of publication, distribution, etc. | 1952. |
| 300 ## - PHYSICAL DESCRIPTION | |
| Pagination | xlvi, 382 p. : |
| Illustrations | ill. ; |
| Size | 26 cm |
| 500 ## - GENERAL NOTE | |
| General note | "One thousand copies have been printed of this edition." |
| 650 ## - SUBJECT ADDED ENTRY--TOPICAL TERM | |
| Topical term or geographic name as entry element | Christian pilgrims and pilgrimages -- Fiction. |
| 9 (RLIN) | 68989 |
| 700 1# - ADDED ENTRY--PERSONAL NAME | |
| Personal name | Cruikshank, George, |
| Dates associated with a name | 1792-1878. |
| 942 ## - ADDED ENTRY ELEMENTS (KOHA) | |
| Source of classification or shelving scheme | Dewey Decimal Classification |
| Koha item type | Books |
| Lost status | Source of classification or shelving scheme | Damaged status | Not for loan | Collection code | Permanent Location | Current Location | Shelving location | Date acquired | Source of acquisition | Cost, normal purchase price | Total Checkouts | Full call number | Date last seen | Copy number | Koha item type |
|---|---|---|---|---|---|---|---|---|---|---|---|---|---|---|---|
| Dewey Decimal Classification | Added to bundle | Fiction | Central Library, University of Rajshahi | Central Library, University of Rajshahi | Reading Room | 09/02/1955 | M.B.S. Dacca | 12.80 | 823.4 BUP 1952 | 09/03/2014 | C-1 | Books |